[Event "FIN-chT 0708"]
[Site "Finland"]
[Date "2007.09.15"]
[EventDate "?"]
[Round "1"]
[Result "1-0"]
[White "Normunds Miezis"]
[Black "Tapani Sammalvuo"]
[WhiteElo "2533"]
[BlackElo "2477"]
[PlyCount "102"]

1.c4 e6 2.e4 d5 3.exd5 exd5 4.d4 Bb4+ 5.Nc3 Ne7 6.Nf3 O-O
7.Be2 dxc4 8.Bxc4 Bg4 9.Be3 Nbc6 10.O-O Nf5 11.Qd3 Nd6 12.Bd5
Bf5 13.Qd1 Ne7 14.Bb3 c6 15.Ne5 Kh8 16.Rc1 f6 17.Nd3 Bxc3
18.bxc3 Nd5 19.Nf4 Nxe3 20.fxe3 Qe8 21.Qf3 Ne4 22.Qe2 Qd7
23.Nd3 Rae8 24.Rf4 g5 25.Rff1 Bg6 26.Nf2 Nd6 27.Rce1 Kg7
28.Bc2 Bxc2 29.Qxc2 Qf5 30.e4 Qg6 31.c4 b6 32.c5 bxc5 33.dxc5
Nf7 34.Ng4 Ne5 35.Ne3 Kh8 36.Nf5 Rd8 37.Nd6 Qg8 38.Rb1 Rd7
39.Rf5 Qe6 40.Qc3 Kg8 41.a4 Rdd8 42.Rbf1 Kg7 43.a5 Kg8 44.a6
Rb8 45.h3 Kg7 46.Kh1 Kg8 47.Qd4 Kg7 48.R5f2 Kg8 49.Qc3 Rbd8
50.Rb2 Rd7 51.Qg3 Rfd8 1-0

[Event "Mindsports"]
[Site "Beijing CHN"]
[Date "2008.10.13"]
[EventDate "2008.10.13"]
[Round "1"]
[Result "0-1"]
[White "Normunds Miezis"]
[Black "Hussein Ali Hussein Al-Ali"]
[WhiteElo "2552"]
[BlackElo "2354"]
[PlyCount "168"]

1. c4 e6 2. e4 d5 3. exd5 exd5 4. d4 Nf6 5. Nc3 Be7 6. Nf3 O-O
7. Be2 dxc4 8. Bxc4 c5 9. d5 a6 10. a4 h6 11. O-O Bd6 12. Re1
Bf5 13. a5 Nbd7 14. h3 Qc7 15. Bd2 Rfe8 16. Qa4 Ne5 17. Nxe5
Bxe5 18. Qb3 Bd6 19. Qb6 Qxb6 20. axb6 Nd7 21. Na4 Ne5 22. Bf1
Nd3 23. Rxe8+ Rxe8 24. Bc3 Nb4 25. Bc4 Bd7 26. b3 Re4 27. Nb2
Be5 28. Bxe5 Rxe5 29. Rd1 Kf8 30. Nd3 Nxd3 31. Rxd3 Ke8 32. f4
Re4 33. g3 Kd8 34. d6 f6 35. Kf2 Rd4 36. Rxd4 cxd4 37. h4 Bc6
38. Ke2 Kd7 39. Kd3 Kxd6 40. Kxd4 a5 41. Bg8 Bf3 42. Bf7 Kc6
43. Be8+ Kxb6 44. Bd7 Kc7 45. Be6 Kd6 46. Bf7 b5 47. Be8 Bc6
48. Bf7 Ke7 49. Bg8 Kd6 50. Bf7 a4 51. bxa4 bxa4 52. Bg8 Bb5
53. Bf7 a3 54. Bb3 Ba4 55. Ba2 Kc6 56. Kc4 Bb5+ 57. Kb4 Kb6
58. Kxa3 Kc5 59. Kb2 Kd4 60. Kc2 Ke3 61. Kc3 Kf2 62. Kd4 Kxg3
63. Ke3 Kxh4 64. Be6 g5 65. Kf3 Bc6+ 66. Ke3 g4 67. Kf2 Kh3
68. Bf5 h5 69. Bg6 g3+ 70. Kg1 Kh4 71. Bf5 Bf3 72. Be6 Bg4
73. Bd5 Bf5 74. Bf3 Be6 75. Be2 Bd5 76. Bd1 Kh3 77. Be2 h4
78. Bd1 g2 79. Ba4 Kg3 80. Bd7 Be4 81. Bf5 h3 82. Bxh3 Kxh3
83. f5 Bxf5 84. Kf2 Kh2 0-1

[Event "Mindsports"]
[Site "Beijing CHN"]
[Date "2008.10.16"]
[EventDate "2008.10.14"]
[Round "8"]
[Result "1-0"]
[White "Normunds Miezis"]
[Black "David Smerdon"]
[WhiteElo "2552"]
[BlackElo "2470"]
[PlyCount "95"]

1. c4 e6 2. e4 d5 3. exd5 exd5 4. d4 Nf6 5. Nc3 Bb4 6. Bd3 O-O
7. cxd5 Qxd5 8. Nf3 Bg4 9. O-O Qc6 10. Be2 Bxc3 11. bxc3 Nd5
12. Bd2 Nxc3 13. Bxc3 Qxc3 14. Rc1 Qa5 15. Rc5 Qxa2 16. Bc4
Qa3 17. Bb3 Nc6 18. Qd3 Qb4 19. Rb1 g6 20. Bc2 Bf5 21. Rxf5
Qd6 22. Rfb5 b6 23. h4 Rad8 24. Rd1 a6 25. Rbb1 b5 26. Bb3 Qf4
27. Qc3 Rd6 28. d5 b4 29. Qc5 Ne7 30. Qxc7 Qf6 31. Qc5 Rfd8
32. Qxb4 Nxd5 33. Bxd5 Rxd5 34. Rxd5 Rxd5 35. Qb8+ Kg7 36. Re1
a5 37. Re8 Rd1+ 38. Kh2 Rd5 39. Rg8+ Kh6 40. Qf8+ Kh5 41. Qb8
a4 42. Rh8 Kh6 43. Ng5 Rxg5 44. hxg5+ Kxg5 45. Qg3+ Kh6
46. Qh3+ Kg5 47. Rxh7 a3 48. Qxa3 1-0

[Event "TCh-FIN"]
[Site "Finland FIN"]
[Date "2009.??.??"]
[EventDate "?"]
[Round "8"]
[Result "0-1"]
[White "Normunds Miezis"]
[Black "Kalle Kiik"]
[WhiteElo "2540"]
[BlackElo "2464"]
[PlyCount "107"]

1. c4 e6 2. e4 d5 3. exd5 exd5 4. d4 Nf6 5. Nc3 Be7 6. Nf3 O-O
7. Be2 Nc6 8. cxd5 Nxd5 9. O-O Be6 10. Re1 a6 11. Ne4 h6
12. a3 Rb8 13. Ne5 Nxe5 14. dxe5 f5 15. Ng3 Qd7 16. Bf3 a5
17. Nh5 Rbd8 18. Qc2 c6 19. Bxd5 Qxd5 20. Qc3 Qd4 21. Qg3 Qg4
22. Nf4 Qxg3 23. hxg3 Kf7 24. Be3 g5 25. Nxe6 Kxe6 26. f4 Rd3
27. Kf2 Rb3 28. Re2 g4 29. Rh1 Rh8 30. Rc2 h5 31. Ke2 Rh7
32. Bf2 Rh8 33. Rd2 Rh7 34. Rhd1 Rh8 35. Kf1 h4 36. gxh4 g3
37. Rd6+ Bxd6 38. Rxd6+ Kf7 39. e6+ Kg6 40. Bd4 Rxh4 41. e7+
Kf7 42. Rf6+ Kxe7 43. Rxf5 Ke6 44. Rf8 Rd3 45. Be3 Rb3 46. Bd4
Kd5 47. Bc3 Ke4 48. Rg8 Kxf4 49. Ke2 Rh5 50. Rf8+ Kg4 51. Kd3
Rbb5 52. Ke4 Rbc5 53. Bd4 Rcf5 54. Be3 0-1

[Event "ZMD Open"]
[Site "Dresden GER"]
[Date "2009.07.01"]
[EventDate "2009.07.25"]
[Round "8"]
[Result "1/2-1/2"]
[White "Normunds Miezis"]
[Black "Thomas Luther"]
[WhiteElo "2572"]
[BlackElo "2552"]
[PlyCount "171"]

1. c4 e6 2. e4 d5 3. exd5 exd5 4. d4 Nf6 5. Nc3 Bb4 6. Bd3 O-O
7. Nge2 dxc4 8. Bxc4 Nbd7 9. O-O Nb6 10. Bb3 c6 11. Bg5 Be7
12. Re1 Nfd5 13. Bxe7 Nxe7 14. Nf4 Bf5 15. Re3 Ng6 16. Nxg6
Bxg6 17. Qg4 Qd6 18. h4 Nd7 19. Qg5 Nf6 20. g4 Rae8 21. Rae1
Rxe3 22. Rxe3 Qxd4 23. h5 Bd3 24. Rg3 h6 25. Qe3 Qxe3 26. Rxe3
Ba6 27. Re7 c5 28. Bd1 Rc8 29. f4 Kf8 30. Re5 Nd7 31. Rf5 Bc4
32. Bb3 Bxb3 33. axb3 Rc6 34. Rd5 Ke7 35. Kf2 Rd6 36. Rxd6
Kxd6 37. Nb5+ Kd5 38. Kf3 a5 39. g5 Ke6 40. f5+ Kxf5 41. gxh6
Ne5+ 42. Kg3 gxh6 43. Nd6+ Kg5 44. Nxb7 Nd3 45. Nxa5 Nxb2
46. Nb7 c4 47. bxc4 Nxc4 48. Nd8 Ne5 49. Nb7 f5 50. Nc5 f4+
51. Kh3 Kxh5 52. Ne6 Nd3 53. Nd4 Kg5 54. Nf3+ Kf5 55. Nh4+ Kg5
56. Nf3+ Kh5 57. Nd4 Nc5 58. Nf3 Ne6 59. Ne5 Kg5 60. Nf7+ Kg6
61. Nd6 h5 62. Kh4 Nd4 63. Kh3 Nf3 64. Nc4 Nd4 65. Nd6 Nf5
66. Ne4 Kf7 67. Nf2 Kf6 68. Nd3 Kg5 69. Ne5 Ne7 70. Nf3+ Kh6
71. Nd4 Kg6 72. Ne6 Nd5 73. Nd4 Kg5 74. Nf3+ Kg6 75. Nd4 Nf6
76. Kh4 Ne4 77. Nf3 Ng3 78. Kh3 Kf5 79. Kh4 Ke4 80. Ng5+ Ke3
81. Nh3 Ke4 82. Kg5 f3 83. Kh4 Ne2 84. Ng5+ Kf4 85. Nxf3 Kxf3
86. Kxh5 1/2-1/2

[Event "32nd Taminco Open"]
[Site "Ghent BEL"]
[Date "2009.07.20"]
[EventDate "2009.07.18"]
[Round "5"]
[Result "1-0"]
[White "Normunds Miezis"]
[Black "Thibaut Maenhout"]
[WhiteElo "2572"]
[BlackElo "2312"]
[PlyCount "87"]

1. c4 e6 2. e4 d5 3. exd5 exd5 4. d4 Nf6 5. Nc3 Bb4 6. Bd3
dxc4 7. Bxc4 O-O 8. Nge2 Nc6 9. O-O Bg4 10. f3 Bh5 11. Be3 Na5
12. Bd3 Bg6 13. Ne4 Nd5 14. Bf2 Nc6 15. Rc1 Nce7 16. Bc4 Bd6
17. Nxd6 Qxd6 18. Nc3 Nxc3 19. bxc3 Rad8 20. Re1 Rfe8 21. Bh4
Rc8 22. Qb3 Nf5 23. Bf2 Qb6 24. Qa4 Nd6 25. Bb3 a5 26. Re5 Ra8
27. Rce1 Kf8 28. c4 Qb4 29. Rxe8+ Nxe8 30. Qxb4+ axb4 31. d5
Ra5 32. c5 Bf5 33. Be3 c6 34. Bd2 Nc7 35. Bxb4 Ra8 36. g4 Bd7
37. d6 Nd5 38. Bd2 Re8 39. Rd1 Re5 40. Kf2 Nf6 41. g5 Nd5
42. h4 Be6 43. Bc2 Bc8 44. Rb1 1-0

[Event "32nd Taminco Open"]
[Site "Ghent BEL"]
[Date "2009.07.21"]
[EventDate "2009.07.18"]
[Round "7"]
[Result "1-0"]
[White "Normunds Miezis"]
[Black "Ralf Akesson"]
[WhiteElo "2572"]
[BlackElo "2469"]
[PlyCount "55"]

1. c4 e6 2. e4 d5 3. exd5 exd5 4. d4 Nf6 5. Nc3 Bb4 6. Bd3 O-O
7. Nge2 dxc4 8. Bxc4 Nbd7 9. O-O Nb6 10. Bb3 c6 11. Bg5 h6
12. Bh4 Be7 13. Re1 Nbd5 14. Nxd5 Nxd5 15. Bxe7 Nxe7 16. Nf4
Bf5 17. Qh5 Bh7 18. Rad1 Nf5 19. d5 Qc7 20. Qg4 Rae8 21. Nh5
Bg6 22. Rxe8 Rxe8 23. Nf6+ gxf6 24. d6 Qxd6 25. g3 Qc7
26. Qxg6+ Ng7 27. Rd3 Kf8 28. Qxh6 1-0

[Event "Chess Olympiad"]
[Site "Khanty-Mansiysk RUS"]
[Date "2010.09.22"]
[EventDate "2010.09.21"]
[Round "2"]
[Result "1-0"]
[White "Normunds Miezis"]
[Black "Thomas Luther"]
[WhiteElo "2519"]
[BlackElo "2545"]
[PlyCount "71"]

1. c4 e6 2. e4 d5 3. exd5 exd5 4. d4 Nf6 5. Nc3 Bb4 6. Bd3 O-O
7. Ne2 dxc4 8. Bxc4 c5 9. a3 Bxc3+ 10. bxc3 cxd4 11. cxd4 Be6
12. Bd3 Bf5 13. O-O Bxd3 14. Qxd3 Nbd7 15. Qf3 b5 16. Ng3 Re8
17. Nf5 Nf8 18. Rd1 Nd5 19. h4 Ng6 20. Bg5 f6 21. Bd2 Nge7
22. Ng3 Rc8 23. h5 h6 24. Re1 Qd7 25. Re4 Rc2 26. Rd1 Rec8
27. Kh2 Kh8 28. Re2 Nc3 29. Bxc3 R2xc3 30. Qe4 Nd5 31. Rde1
Rg8 32. Nf5 Qf7 33. Kg1 Rcc8 34. Nd6 Qxh5 35. g4 f5 36. Qxd5
1-0

[Event "ch-SUI Hauptturnier 1"]
[Site "Flims SUI"]
[Date "2012.07.17"]
[EventDate "2012.07.12"]
[Round "6"]
[Result "1/2-1/2"]
[White "Normunds Miezis"]
[Black "Christian Bauer"]
[WhiteElo "2578"]
[BlackElo "2681"]
[PlyCount "20"]

1. c4 e6 2. e4 d5 3. exd5 exd5 4. d4 Nf6 5. Nf3 Nc6 6. Be2
dxc4 7. Bxc4 Bd6 8. O-O O-O 9. Nc3 h6 10. h3 Bf5 1/2-1/2

[Event "Baltic Zonal Parnu"]
[Site "Parnu EST"]
[Date "2016.12.08"]
[EventDate "2016.12.07"]
[Round "2.11"]
[Result "1/2-1/2"]
[White "Normunds Miezis"]
[Black "Arturs Neiksans"]
[WhiteElo "2509"]
[BlackElo "2631"]
[PlyCount "92"]

1. c4 e6 2. e4 d5 3. exd5 exd5 4. d4 Bb4+ 5. Bd2 Bxd2+ 6. Nxd2
Nf6 7. Ngf3 O-O 8. Be2 Nc6 9. O-O Bg4 10. Rc1 Re8 11. Re1 dxc4
12. h3 Bh5 13. Nxc4 Nd5 14. Nfe5 Bxe2 15. Rxe2 Nf4 16. Re4 Qg5
17. g3 Ng6 18. h4 Qf5 19. Qe2 Nxd4 20. Rxd4 Nxe5 21. Nxe5 Rxe5
22. Qd2 Rae8 23. Rxc7 h5 24. Kg2 Re2 25. Rf4 Qe6 26. Qd4 Re7
27. Qd8+ Kh7 28. Rc5 Re5 29. Qd3+ g6 30. Rxe5 Qxe5 31. b4 Qe6
32. a4 a6 33. b5 axb5 34. axb5 Rd7 35. Rd4 Re7 36. Rd5 Kg8
37. Qd4 Kh7 38. Rd6 Qe5 39. Qd3 Kg7 40. Rd5 Qf6 41. Rd6 Qe5
42. Rd5 Qb2 43. Rd7 Qb4 44. Qd5 Rxd7 45. Qxd7 Qe4+ 46. Kh2 b6
1/2-1/2

[Event "Baltic Zonal Parnu"]
[Site "Parnu EST"]
[Date "2016.12.12"]
[EventDate "2016.12.07"]
[Round "8.7"]
[Result "1/2-1/2"]
[White "Normunds Miezis"]
[Black "Oleg Valeryevich Krivonosov"]
[WhiteElo "2509"]
[BlackElo "2452"]
[PlyCount "20"]

1. c4 e6 2. e4 d5 3. exd5 exd5 4. d4 Bb4+ 5. Nc3 Ne7 6. Bd3
dxc4 7. Bxc4 O-O 8. Bg5 h6 9. Bh4 Qd6 10. Ne2 Nf5 1/2-1/2

[Event "Gonzaga Classic Masters"]
[Site "Dublin IRL"]
[Date "2017.01.28"]
[EventDate "2017.01.27"]
[Round "3.1"]
[Result "1/2-1/2"]
[White "Normunds Miezis"]
[Black "Conor O'Donnell"]
[WhiteElo "2507"]
[BlackElo "2342"]
[PlyCount "137"]

1. c4 e6 2. e4 d5 3. exd5 exd5 4. d4 Bb4+ 5. Nc3 Ne7 6. Bd3
Nbc6 7. Ne2 Bf5 8. cxd5 Qxd5 9. O-O Qd7 10. a3 Bxc3 11. bxc3
O-O 12. Be3 Bxd3 13. Qxd3 Qf5 14. Qd1 Na5 15. Qa4 Nc8 16. d5
b6 17. Rad1 Nd6 18. Ng3 Qc8 19. Bc5 Nab7 20. Bxd6 Nxd6
21. Rfe1 Re8 22. h3 a5 23. c4 Qa6 24. Rxe8+ Rxe8 25. Rc1 Rb8
26. c5 Qb5 27. Qxb5 Nxb5 28. a4 Nd4 29. cxb6 cxb6 30. d6 Rd8
31. Rc4 Ne6 32. Rc6 Nc5 33. Nf5 g6 34. Ne7+ Kf8 35. Rxb6 Nxa4
36. Rc6 Nb2 37. Nd5 Nd3 38. Ra6 a4 39. Nf6 Kg7 40. Ne4 Rd7
41. Rxa4 f5 42. Ng5 Kf6 43. Nf3 Rxd6 44. g4 Ne5 45. g5+ Ke6
46. Nxe5 Kxe5 47. Ra7 Kf4 48. Kg2 Kxg5 49. Rxh7 Rd3 50. h4+
Kf6 51. Ra7 Rd4 52. Kg3 Rg4+ 53. Kh3 g5 54. hxg5+ Rxg5 55. Ra4
Rg1 56. Kh2 Rg8 57. Ra5 Rg4 58. Ra8 Ke5 59. Kh3 Kf4 60. Ra4+
Kf3 61. Rxg4 fxg4+ 62. Kh4 Kf4 63. Kh5 Kf5 64. Kh4 Kf4 65. Kh5
Kf5 66. Kh4 Kf4 67. Kh5 Kf3 68. Kg5 Kxf2 69. Kxg4 1/2-1/2